000 00848nas a2200277 4500
001 BR9406247
003 BR-BrBNA
005 20231205093750.0
007 ta
008 230509b bl.|||p| |||| 00| 00por d
040 _aBR-BrBNA
_bpor
_cBiblioteca Nacional de Agricultura
041 _a(Pt)
072 _aQ04
100 1 _aCordoba, G.M.C.
100 1 _aWang, S.H.
100 1 _aSgarburi, V.C.
245 1 _aCaracteristicas nutricionais e sensoriais de sopa cremosa semi-instantanea a base de farinhas de trigo e soja desengordurada
650 _aSoja
650 _aTrigo
650 _aFarinha
650 _aSopa
650 _aValor Nutritivo
773 0 _tPesquisa Agropecuaria Brasileira (Brazil)
_xISSN 0100-204X
_g(Jul 1994), v. 29(7) p. 1138-1143
_wBR9406247
909 _a202311
_bLúcia
_c55
_dLúcia Elande
942 _2AGRIS
_n0
_cANA
999 _c140287
_d140287